000 00927nam a2200193 4500
001 144342
003 ES-MaACL
005 20230906201010.0
007 t|
008 070214s1952 sp r ||||1| spa d
100 1 _aSintes Obrador, Francisco.
_9106652
245 1 0 _aMoral profesional del militar
_b: conferencia pronunciada en el Consejo Superior de Investigaciones Científicas, de Madrid, el día 17 de noviembre de 1952, Curso de Moral Profesional, organizado por la Sección de Etica del Instituto `Luis Vives` de Filosofía del Consejo Superior de Investigaciones Científicas /
_cFrancisco Sintes y Obrador.
260 _aMadrid :
_b[s. n.],
_c1952 (
_eValencia :
_fTip. Moderna)
300 _a28 p., 1 lám. ;
_c25 cm.
710 2 _aInstituto de Filosofía "Luis Vives"
_9169712
711 1 _aCurso de Moral Profesional (
_cMadrid (
_d1952)
_9221002
852 _aES-MaACL
_j1962-F-10
_bR.36371
999 _c144342
_d144342